European Capitals from Gibraltar Quiz Stats

Quiz not verified by Sporcle

Challenge
Share
Tweet
Embed
Score 0/47 Timer 10:00
0 Plays Today
Answer % Correct
Madrid
99.4%
Lisbon
98.8%
Andorra la Vella
86.2%
Paris
84.9%
Monaco
82.6%
Bern
79.4%
Rome
70.4%
Vatican City
65.3%
Vaduz
61.9%
San Marino
60.5%
London
60.5%
Luxembourg
57.2%
Brussels
56.5%
Amsterdam
55.1%
Dublin
53.7%
Valletta
51.8%
Vienna
49.3%
Ljubljana
49%
Zagreb
48.6%
Sarajevo
47.4%
Berlin
46%
Prague
45.2%
Tirane
43%
Bratislava
42.8%
Answer % Correct
Moscow
40.1%
Budapest
39.8%
Belgrade
39.2%
Copenhagen
36.2%
Athens
36.2%
Pristina
35.9%
Skopje
35.4%
Oslo
35.4%
Warsaw
35.3%
Stockholm
35.1%
Riga
35%
Sofia
34.8%
Helsinki
34.4%
Podgorica
34.3%
Minsk
34.1%
Vilnius
33.7%
Kiev
32.9%
Bucharest
32.8%
Tallinn
32.7%
Chisinau
30.6%
Ankara
30.5%
Reykjavik
30.3%
Nicosia
29.3%

You're not logged in!

Compare scores with friends on all Sporcle quizzes.
Sign Up with Email
OR
Log In

You Might Also Like...

Show Comments

Extras

Top Quizzes Today


Score Distribution

Your Account Isn't Verified!

In order to create a playlist on Sporcle, you need to verify the email address you used during registration. Go to your Sporcle Settings to finish the process.